00742 2200205 4500245010300000020002200103250001100125100001400136700001800150650002300168650001700191650001900208005001900227260002300246041001400269084001000283300002300293500021100316336000900527 aAl-Qur'an vs Sains Modern menurut Dr. Zakir Naik b : Sesuai atau Tidak Sesuai ?cRamadhanihText a978-979-702-038-5 aCet. 1 aRamadhani aAlbi Kustaman aKandungan Al-Quran aSains Modern aDr. Zakir Naik a20240507075912 aYogyakartabSketse aIndonesia a2X1.6 a230 hlm. :c23 cm. aMelalui buku ini, Dr. Zakir Naik menjelaskan ayat-ayuat al-Quran dalam menjawab berbagai teori sains modern. Penjelasan dalam buku ini juga dilengkapi dengan hadis dan berbagai pendapat ahli yang berkaitan. atext